000 00548nam a22001937a 4500
005 20240516154643.0
008 240516b |||||||| |||| 00| 0 eng d
020 _a027595885X
_cRs.3230.00
040 _aLoreto College
041 _aEnglish
082 _a152.4
_bEPS
100 _aEpstein,Seymour
245 _aConstructive thinking
_bThe key to emotional intelligence
_cSeymour Epstein
260 _aWest Port
_bPraeger
_c1998
300 _axiv,284p
_b22cm
650 _aEmotional intelligence
850 _aLCLIB
_bPsychology PG
942 _cBK
999 _c43771
_d94250